Полугруппы с дополнительными структурами: межвузовский сборник научных трудов

Bibliografiske detaljer
Institution som forfatter: Ленинградский государственный педагогический институт им. А. И. Герцена (ЛГПИ)
Andre forfattere: Ляпин Е. С. (редактор)
Sprog:russisk
Udgivet: Ленинград, Изд-во ЛГПИ, 1986
Fag:
Format: MixedMaterials Bog
KOHA link:https://koha.lib.tpu.ru/cgi-bin/koha/opac-detail.pl?biblionumber=279373

MARC

LEADER 00000nam0a2200000 4500
001 279373
005 20231101235213.0
035 |a (RuTPU)RU\TPU\book\302651 
090 |a 279373 
100 |a 20141218d1986 k y0rusy50 ca 
101 0 |a rus 
102 |a RU 
105 |a a z 001zy 
200 1 |a Полугруппы с дополнительными структурами  |e межвузовский сборник научных трудов  |f Ленинградский государственный педагогический институт им. А. И. Герцена (ЛГПИ) ; под ред. Е. С. Ляпина 
210 |a Ленинград  |c Изд-во ЛГПИ  |d 1986 
215 |a 155 с.  |c ил. 
320 |a Библиогр. в конце ст. 
606 1 |a Алгебра высшая  |2 stltpush  |3 (RuTPU)RU\TPU\subj\1729  |9 30432 
610 1 |a полугруппы 
610 1 |a дополнительные структуры 
610 1 |a исследования 
610 1 |a конструкции 
610 1 |a группоиды 
675 |a 512.5  |v 3 
702 1 |a Ляпин  |b Е. С.  |4 340 
712 0 2 |a Ленинградский государственный педагогический институт им. А. И. Герцена (ЛГПИ)  |2 stltpush  |3 (RuTPU)RU\TPU\col\8005 
801 1 |a RU  |b 63413507  |c 20141218 
801 2 |a RU  |b 63413507  |c 20160527  |g RCR 
942 |c BK